000 00678cam a2200205 a 4500
001 3479191
005 20250129210441.0
008 930903s1993 mnua bf 000 0 eng
020 _a9780314022202
050 0 0 _aRC55
_b.B35 1993
082 0 0 _a616
_220
100 1 _aBellah, Karil.
245 1 0 _aClinical health issues handbook /
_cKaril Bellah.
260 _aMinneapolis/St. Paul :
_bWest Pub. Co.,
_cc1993.
300 _a166 p. :
_bill. ;
_c26 cm.
650 0 _aClinical medicine
_xHandbooks, manuals, etc.
650 0 _aClinical medicine
_xCase studies.
856 4 2 _3Publisher description
_uhttp://www.loc.gov/catdir/enhancements/fy1515/93200936-d.html
942 _2lcc
_cBK
_n0
999 _c3245
_d3245